000 00927cam a2200253 4500
001 ABS62622
008 000000n2000 000 0 eng u
035 _a(Sirsi) u107158
100 _aGrinfeld, M.
245 _aDefining qualities
260 _c2000
490 _aProperty Week
_v65(26) 30 June 2000, 70-71(2)
520 _aDefines common terms and jargon associated with e-commerce and electronic data interchange. Also reviews codes of practice which if adopted by edms will satisfy a court on the reliability of electronic documentation; and introduces the key aspects of the Electronic Communications Bill.
590 _aABS
650 _aELECTRONIC DATA INTERCHANGE
650 _aE-COMMERCE
650 _aELECTRONIC DATA
650 _aCODES OF PRACTICE
650 _aCIVIL EVIDENCE ACT 1995
650 _aBS 7799
690 _aINFORMATION TECHNOLOGY-INTERNET
700 _aGrinfeld, A.
942 _n0
999 _c64064
_d64064